000 00574nam a22002177a 4500
003 UA-OsUOA
001 49099
007 ta
008 20070920b un ||||| |||| 00| 0 ukr d
090 _a82.09
_bС89
942 _cBK
040 _aUA-OsUOA
_bukr
_cUA-OsUOA
_dUA-OsUOA
245 _aСучасна наука про літературу
300 _a243 с.
955 _a1
041 _aukr
080 _a82.09
260 _aК.
_bНаукова думка
_c1985
650 7 _a82 Література. Літературознавство
_2UDC
999 _c335209
_d335209